| LEADER | 00499cam a2200169 7i4500 | ||
|---|---|---|---|
| 001 | 0000004828 | ||
| 005 | 19991025090000.0 | ||
| 002 | ##000006377 | ||
| 020 | 0 | 0 | |a T000005155 |
| 090 | 0 | 0 | |a T 382.7 |b SCH(ICLD) |
| 245 | 0 | 0 | |a Schedule LXII - Iceland (Harmonized system). |
| 260 | 0 | 0 | |a [s.l]: |b [s.n], |c 1992. |
| 300 | 0 | 0 | |a 453 p.. |
| 500 | 0 | 0 | |a This schedule is authentic only in the English language |
| 650 | 0 | 0 | |a Tariff -- |z Iceland |
| 651 | 0 | 0 | |a Iceland |
| 999 | |a 0000001929 |b Book |c Open shelf |e Business Information Centre | ||